| 000 | 00336nam a22001337a 4500 | ||
|---|---|---|---|
| 008 | 180911b xxu||||| |||| 00| 0 eng d | ||
| 020 | _a9780815166214 | ||
| 041 | _aeng | ||
| 080 |
_25 ed _a616 |
||
| 100 | _a9 | ||
| 101 | _aPAT | ||
| 245 |
_aPatophysiology Clinical Concepts Of Disease Processes _cPrice.A.S |
||
| 942 |
_2udc _cBK |
||
| 999 |
_c47675 _d47675 |
||